| 000 | 00566nam a22001937a 4500 | ||
|---|---|---|---|
| 003 | OSt | ||
| 005 | 20180116192411.0 | ||
| 008 | 120927t2009 xxu||||| |||| 00| 0 eng d | ||
| 040 | _c0 | ||
| 082 | _a954.9123 | ||
| 100 |
_aAftab Ahmad Khan _95961 |
||
| 245 |
_aMy Peshawar _cAftab Ahmad Khan _hVol.1 |
||
| 260 |
_bAhsanulla & Samiullah Khan. _c2009. |
||
| 300 |
_a192p. : _bill; _c28 cm. |
||
| 650 |
_aHistory _xPeshawat District (Pakistan) _95962 |
||
| 651 |
_aPeshawar District (Pakistan) _95963 |
||
| 942 |
_2ddc _cBK |
||
| 999 |
_c353553 _d353553 |
||